| 000 | 00339nam a2200121Ia 4500 | ||
|---|---|---|---|
| 005 | 20260326100026.0 | ||
| 008 | 260326s9999||||xx |||||||||||||| ||und|| | ||
| 100 | _aFernández, Candida | ||
| 245 | 0 |
_aArquitectos Iberoméricanos : _b Siglo XXI / _cCandida Fernández |
|
| 260 | _bFomento Cultural Banamex | ||
| 650 | _aARQUITECTOS | ||
| 942 | _cBK | ||
| 999 |
_c6381 _d6381 |
||